000 00941nam a2200145 i 4500
001 163151
003 ES-MaACL
005 20230906212702.0
008 181003s1878 sp | |||||||| ||spa d
245 0 0 _aDictamen y bases para el establecimiento de una colonia penitenciaria
_b: formulados por la Comisión nombrada al efecto por la Excelentísima Diputación Provincial de Barcelona, con las modificaciones introducidas por esta Corporación al discutirlos y aprobarlos : presentados al Congreso Penitenciario Internacional de Estocolmo, por el delegado de la Excma. Diputación.
260 _aBarcelona :
_b[s.n.],
_c1878 (
_fImp. de la Renaixensa)
300 _a38 p. ;
_c23 cm.
650 4 _aEstablecimientos penitenciarios-
_zBarcelona.
_9141899
852 _aES-MaACL
_jD-134(11)
_z- Enc. hol.
_z.- Donativo Lastres
_q- Ejemp. sin port.
_z- Enc. en un vol. facticio, formando parte de la col. facticia "Estudios penitenciarios", folletos, 1
999 _c163151
_d163151